000 00316 a2200157 4500
001 61413
020 _a
040 _cAnchieta - Pituba
100 _aMARQUES FILHO, Octamar Pinto
240 1 0 _aMatemática
_lpor
245 1 0 _aMatemática
300 _a271
362 0 _a0
650 4 _aMatemática
942 _cBK
999 _c61413
_d61413